| 000 | 01357nam a2200337Ia 4500 | ||
|---|---|---|---|
| 001 | ebr10433732 | ||
| 003 | CaPaEBR | ||
| 006 | m u | ||
| 007 | cr cn||||||||| | ||
| 008 | 100416s2010 maua sb 001 0 eng d | ||
| 010 | _z 2010011956 | ||
| 020 | _z9780262014779 (hardcover : alk. paper) | ||
| 020 | _z0262014777 (hardcover : alk. paper) | ||
| 040 |
_aCaPaEBR _cCaPaEBR |
||
| 035 | _a(OCoLC)699488887 | ||
| 050 | 1 | 4 |
_aHM846 _b.N45 2010eb |
| 082 | 0 | 4 |
_a303.48/3 _222 |
| 100 | 1 |
_aNelson, Lisa S. _q(Lisa Sue) |
|
| 245 | 1 | 0 |
_aAmerica identified _h[electronic resource] : _bbiometric technology and society / _cLisa S. Nelson. |
| 260 |
_aCambridge, MA : _bMIT Press, _c2010. |
||
| 300 |
_aviii, 258 p. : _bill. |
||
| 504 | _aIncludes bibliographical references and index. | ||
| 533 |
_aElectronic reproduction. _bPalo Alto, Calif. : _cebrary, _d2011. _nAvailable via World Wide Web. _nAccess may be limited to ebrary affiliated libraries. |
||
| 650 | 0 |
_aTechnological innovations _xSocial aspects. |
|
| 650 | 0 | _aBiometric identification. | |
| 650 | 0 | _aPrivacy, Right of. | |
| 650 | 0 |
_aSocial interaction _xTechnological innovations. |
|
| 655 | 7 |
_aElectronic books. _2local |
|
| 710 | 2 | _aebrary, Inc. | |
| 856 | 4 | 0 |
_uhttp://site.ebrary.com/lib/rucke/Doc?id=10433732 _zAn electronic book accessible through the World Wide Web; click to view |
| 999 |
_c146735 _d146735 |
||